00383nam a2200133Ia 4500008004100000041001200041082001600053100001300069245008600082260003700168300000800205650001500213700002100228221030s9999 xx 000 0 und d aEnglish a105.23bKum aS. Kumar 0aPractical Assignments in Manufacturing Engineeringcby S. Kumar, A. A. Bahashawan bDhanpat Rai PubaNew Delhic2000 a236 aMechanical aA. A. Bahashawan